[Event "25th Open Pula"]
[Site "Pula CRO"]
[Date "2011.06.22"]
[Round "6.6"]
[White "Plenca,J"]
[Black "Jovanovic,Zo CRO"]
[Result "0-1"]
[WhiteElo "2339"]
[BlackElo "2553"]

1.e4 d6 2.d4 Nf6 3.Nc3 e5 4.Nf3 Nbd7 5.g4 Nxg4 6.Rg1 Ngf6 7.Bc4 h6 8.Be3 c6
9.Qd3 b5 10.Bxf7+ Kxf7 11.dxe5 dxe5 12.Nxe5+ Nxe5 13.Qxd8 Nf3+ 14.Kd1 Nxg1
15.Qc7+ Be7 16.Bc5 Re8 17.e5 Bg4+ 18.Kc1 Nd5 19.Nxd5 cxd5 20.Qb7 Rac8 21.b4 Kf8
22.Kb2 Nf3 23.Bd6 Nd2 24.Rg1 Bf5 25.c3 Nc4+ 26.Kb3 Nxd6 27.exd6 Bf6 28.Rg3 Rcd8
29.Qc7 Rd7 30.Qc6 Be6 31.Re3 Kf7 32.f4 g6 33.Ka3 Red8 34.f5 gxf5 35.Qxb5 Rxd6
36.Qe2 d4 37.cxd4 Bxd4 38.Rxe6 Rxe6 39.Qh5+ Kg7 40.Qxf5 Red6 41.Qg4+ Kh8
42.Kb3 Bg7 43.Qg1 a5 44.a3 Rd3+ 45.Ka4 axb4 46.axb4 Ra8+ 47.Kb5 Rb8+ 48.Ka4 Rd2
49.Ka3 Rb2  0-1

[Event "Baltija Cup Open A"]
[Site "Palanga LTU"]
[Date "2011.06.23"]
[Round "8.4"]
[White "Kalvaitis,S"]
[Black "Kasparavicius,L"]
[Result "1-0"]
[WhiteElo "2310"]
[BlackElo "2113"]

1.e4 d6 2.d4 Nf6 3.Nc3 c6 4.a4 Bg4 5.Nge2 e5 6.h3 Bxe2 7.Bxe2 Nbd7 8.O-O Be7
9.Be3 O-O 10.Qd2 h6 11.Kh1 Nxe4 12.Nxe4 f5 13.dxe5 dxe5 14.Rad1 Nb6 15.Qxd8 Rfxd8
16.Bc5  1-0

[Event "25th Open Pula"]
[Site "Pula CRO"]
[Date "2011.06.23"]
[Round "7.14"]
[White "Genocchio,D"]
[Black "Astrup,K"]
[Result "1-0"]
[WhiteElo "2431"]
[BlackElo "2256"]

1.e4 d6 2.d4 Nf6 3.Nc3 e5 4.Nf3 Nbd7 5.Bc4 Be7 6.O-O O-O 7.Re1 c6 8.a4 a5
9.Ba2 exd4 10.Nxd4 Nc5 11.h3 Qb6 12.Nb3 Nxb3 13.Bxb3 Be6 14.Be3 Qc7 15.Qf3 Bxb3
16.cxb3 Rfe8 17.Rad1 Nd7 18.Qg3 Rad8 19.Rc1 Qb8 20.Red1 Bf8 21.Kh1 Qa8 22.Rc2 f6
23.h4 Ne5 24.Ne2 Nf7 25.Qf3 Rd7 26.Ng3 Rde7 27.Kg1 Re6 28.Bf4 Qa6 29.h5 Ne5
30.Qc3 Nd7 31.Be3 Ne5 32.Qd2 Ng4 33.Bd4  1-0

[Event "61st ch-RUS HL w"]
[Site "Taganrog RUS"]
[Date "2011.06.23"]
[Round "7"]
[White "Zizlova,S"]
[Black "Fominykh,M"]
[Result "1/2-1/2"]
[WhiteElo "2149"]
[BlackElo "2291"]

1.e4 d6 2.d4 Nf6 3.Nc3 e5 4.Nf3 Nbd7 5.g4 Nxg4 6.Rg1 Ngf6 7.Bc4 exd4 8.Nxd4 Ne5
9.Bb3 Bg4 10.Ba4+ c6 11.f3 b5 12.fxg4 bxa4 13.g5 Nfd7 14.Nxa4 Qa5+ 15.Nc3 g6
16.Be3 Bg7 17.Qe2 Qb4 18.Nb3 Nc4 19.a3 Bxc3+ 20.Kf2 Qa4 21.bxc3 Nxe3 22.Qxe3 O-O
23.Qd4 Nb6 24.Rg4 Qc4 25.e5 Qe6 26.exd6 Rad8 27.Nc5 Qf5+ 28.Kg3 f6 29.gxf6 Rxf6
30.Qf4 Rdxd6 31.Ne4 Qxf4+ 32.Rxf4 Rxf4 33.Kxf4 Re6 34.Rb1 Kg7 35.c4 Re7 36.Rb4 Rd7
37.a4 Rd4 38.Ke5 Rxc4 39.Rxc4 Nxc4+ 40.Kd4 Nb6  1/2-1/2

[Event "3rd Eforie Open"]
[Site "Eforie Nord ROU"]
[Date "2011.06.25"]
[Round "6.4"]
[White "Ogleznev,A"]
[Black "Badea,B"]
[Result "1/2-1/2"]
[WhiteElo "2335"]
[BlackElo "2491"]

1.e4 d6 2.d4 Nf6 3.Nc3 e5 4.dxe5 dxe5 5.Qxd8+ Kxd8 6.Bc4 Ke8 7.f3 c6 8.a4 b6
9.Nge2 Bb4 10.Bd2 Ba6 11.Bxa6 Nxa6  1/2-1/2

[Event "7th Lazy Open"]
[Site "Lazy POL"]
[Date "2011.06.25"]
[Round "1.4"]
[White "Malisauskas,V"]
[Black "Sokolowski,Ry"]
[Result "0-1"]
[WhiteElo "2483"]
[BlackElo "2115"]

1.d4 d6 2.e4 Nf6 3.Nc3 e5 4.Nf3 Nbd7 5.Bc4 Be7 6.O-O O-O 7.Re1 c6 8.a4 b6
9.d5 c5 10.a5 bxa5 11.Nd2 Nb6 12.Bb5 a6 13.Bc6 Rb8 14.Qe2 g6 15.Nb3 Nh5 16.Nxa5 Bg5
17.g3 Bxc1 18.Rexc1 Qg5 19.Qe3 Qg4 20.f3 Qh3 21.Qe2 f5 22.Qg2 Qxg2+ 23.Kxg2 Nf6
24.h3 h5 25.Re1 Kg7 26.b3 fxe4 27.fxe4 Nh7 28.h4 Nf6 29.Na4 Nxa4 30.Bxa4 Ng4
31.Re2 Rf6 32.Rf1 Rxf1 33.Kxf1 Nf6 34.Nc4 Bh3+ 35.Ke1 Rd8 36.Bc6 Kf7 37.Bb7 Bg4
38.Re3 Ke7 39.Bxa6 Ra8 40.Bb5 Ra1+ 41.Kd2 Rg1 42.Kc3 Rxg3 43.Kd3 Rg2 44.c3 Bd1
45.Nd2 Ng4 46.b4 c4+  0-1

[Event "25th Open Pula"]
[Site "Pula CRO"]
[Date "2011.06.25"]
[Round "9.15"]
[White "Bellia,F"]
[Black "Ostovic,M"]
[Result "1-0"]
[WhiteElo "2415"]
[BlackElo "2248"]

1.e4 d6 2.d4 Nf6 3.Nc3 e5 4.Nf3 Nbd7 5.Bc4 Be7 6.O-O O-O 7.Re1 c6 8.a4 b6
9.h3 Bb7 10.Ba2 a6 11.Nh4 g6 12.Bh6 Re8 13.Nf3 Nh5 14.Qd2 Bf8 15.Bxf8 Rxf8
16.Rad1 Qf6 17.dxe5 Nxe5 18.Nxe5 dxe5 19.Qd7 Bc8 20.Qd6 Qg5 21.Re3 Bxh3 22.Rxh3 Rad8
23.Rxh5 Qxh5 24.Qxd8 Rxd8 25.Rxd8+ Kg7 26.Rd7 Qg5 27.Bxf7 Qc1+ 28.Nd1 Kh6
29.Bb3 c5 30.c3 Kg5 31.g3 b5 32.axb5 axb5 33.Bg8 h5 34.Rd6 h4 35.Kg2 Qb1
36.Kf3 hxg3 37.fxg3 Kh6 38.Bf7 Kg7 39.Bxg6 Kf8 40.Rd7 Qa2 41.Ne3 Qe6 42.Rf7+ Kg8
43.Nf5  1-0

[Event "64th ch-RUS HL"]
[Site "Taganrog RUS"]
[Date "2011.06.25"]
[Round "10"]
[White "Sitnikov,D"]
[Black "Bocharov,D"]
[Result "0-1"]
[WhiteElo "2463"]
[BlackElo "2580"]

1.e4 d6 2.d4 Nf6 3.Nc3 c6 4.a4 e5 5.Nf3 Qc7 6.Be2 Be7 7.O-O O-O 8.h3 Re8
9.Re1 Nbd7 10.Bc4 exd4 11.Qxd4 Ne5 12.Nxe5 dxe5 13.Qe3 Bb4 14.Bd2 Bd7 15.Nb1 Bf8
16.Qb3 Be6 17.Bg5 Rad8 18.Nd2 h6 19.Be3 Nd7 20.Bxe6 Rxe6 21.Qc4 Rd6 22.Nf3 Nf6
23.a5 b6 24.axb6 axb6 25.Ra6 Rb8 26.Nxe5 Re6 27.f4 b5 28.Rxc6 Qb7 29.Qc3 Nxe4
30.Qd3 Rxc6 31.Qxe4 Rcc8 32.Qf5 Qd5 33.Qg4 Rxc2 34.Nd7 Rxg2+ 35.Qxg2 Qxd7
36.Qg4 Qd5 37.Rd1 Qb3 38.Bd4 Rd8  0-1

[Event "7th A Ermaka Memorial"]
[Site "Zaporizhzhia UKR"]
[Date "2011.06.25"]
[Round "1.18"]
[White "Derevianchenko,I"]
[Black "Burak,Ilona"]
[Result "1-0"]
[WhiteElo "2232"]
[BlackElo "1787"]

1.e4 d6 2.d4 Nf6 3.Nc3 Nbd7 4.Nf3 e5 5.Bc4 Be7 6.O-O O-O 7.Qe2 c6 8.a4 a5
9.h3 exd4 10.Nxd4 Re8 11.Re1 Bf8 12.Qf1 Nc5 13.Bg5 h6 14.Bxf6 Qxf6 15.Rad1 Qg6
16.f4 Bxh3 17.f5 Qg3 18.Qf3 Qxf3 19.gxf3 g5 20.Kf2 h5 21.Rh1 g4 22.f6 Nd7
23.Rdg1 Nxf6 24.Rxh3 Rad8 25.Rhh1 d5 26.exd5 cxd5 27.Be2 Bc5 28.Nb5 Kf8 29.fxg4 Re4
30.c3 hxg4 31.Rh4 Rde8 32.Bd3 g3+ 33.Kxg3 Re3+ 34.Kf4 Rxd3 35.Kf5 Ne4 36.Rh8+ Ke7
37.Rxe8+ Kxe8 38.Nc7+ Kd7 39.Nxd5 Ng3+ 40.Kg4 Bxd4 41.Rxg3 Rxg3+ 42.Kxg3 Kd6
43.Nf4 Be5 44.Kf3 Bxf4 45.Kxf4 Kc5 46.b3 b5 47.axb5 Kxb5 48.Ke5 f5 49.Kxf5 a4
50.bxa4+ Kxa4 51.Ke5 Ka5 52.Kd6 Ka6 53.c4 Kb7 54.c5 Kc8 55.Kc6 Kb8 56.Kd7  1-0

[Event "TCh-SUI 2011"]
[Site "Switzerland SUI"]
[Date "2011.06.26"]
[Round "5.7"]
[White "Kovacevic,Vlad"]
[Black "Schmidt Schaeffer,S"]
[Result "0-1"]
[WhiteElo "2217"]
[BlackElo "2410"]

1.e4 d6 2.d4 Nf6 3.Nc3 Nbd7 4.Nf3 e5 5.Be2 Be7 6.O-O O-O 7.h3 a6 8.a4 b6
9.Re1 Bb7 10.Bf1 c6 11.Bg5 h6 12.Bh4 Nh7 13.Bxe7 Qxe7 14.d5 c5 15.g4 g6 16.Qd2 Kg7
17.Qe3 Rh8 18.b3 Raf8 19.Bd3 h5 20.g5 f6 21.gxf6+ Rxf6 22.Ng5 Nxg5 23.Qxg5 Qf7
24.Nd1 Rf8 25.Bf1 Rf4 26.Bg2 Nf6 27.Qg3 Nh7 28.Re2 Bc8 29.Nb2 h4 30.Qe3 Ng5
31.Nd3 Nxh3+ 32.Kf1 Qd7 33.Ke1 Ng1 34.Nxf4 exf4 35.Qc3+ Kh7 36.Kd2 Nxe2 37.Kxe2 Qe7
38.Rh1 f3+ 39.Bxf3 Bg4 40.Bxg4 Qxe4+ 41.Qe3 Qxg4+ 42.Kd2 Qf4 43.Qxf4 Rxf4
44.Ke3 g5 45.c3 Kg6 46.f3 Rf8 47.Rg1 Kf5 48.c4 Rb8 49.Kf2 b5 50.axb5 axb5
51.Rg4 b4 52.Re4 Ra8 53.Re7 Ra2+ 54.Ke3 Rb2 55.Rf7+ Kg6 56.Rd7 Rxb3+ 57.Ke4 Rc3
58.Rxd6+ Kf7 59.Rd7+ Ke8 60.Rc7 h3 61.d6 h2 62.Rh7 Rxc4+ 63.Kd5 Rh4 64.Re7+ Kd8  0-1

[Event "61st ch-RUS HL w"]
[Site "Taganrog RUS"]
[Date "2011.06.26"]
[Round "9"]
[White "Kindinova,E"]
[Black "Severina,M"]
[Result "1-0"]
[WhiteElo "2159"]
[BlackElo "2104"]

1.e4 d6 2.d4 Nf6 3.Nc3 e5 4.Nf3 Nbd7 5.Bc4 Be7 6.O-O O-O 7.Re1 c6 8.a4 b6
9.Ba2 a6 10.dxe5 dxe5 11.h3 Qc7 12.Nh4 Nc5 13.Qf3 Ne6 14.Nf5 Bb7 15.Qg3 Bc5
16.Bh6 Nh5 17.Qh4 Nhf4 18.Qg4 Ng6 19.Be3 Rfe8 20.h4 Kh8 21.h5 Ngf8 22.Bxc5 bxc5
23.Re3 f6 24.Rg3 Rad8 25.Rd1 Bc8 26.Qh4 Ng5 27.Rxd8 Rxd8 28.h6 Bxf5 29.hxg7+ Qxg7
30.exf5 Rd2 31.Ne4 Rd4 32.f3 Rxa4 33.Bb3 Ra1+ 34.Kh2 h6 35.Nxc5 Rd1 36.Qh5 Rd8
37.Ne4 Nd7 38.Nd6 Kh7 39.Ne8 Qf8 40.Qg6+ Kh8 41.Nd6 e4 42.Nxe4 Nxe4 43.fxe4 Ne5
44.Qh5 c5 45.Rg8+ Qxg8 46.Bxg8 Kxg8 47.Kh3 Kg7 48.Qe2 c4 49.Qe3 Rd6 50.Qa7+ Kf8
51.Qc5 Ke7 52.Kh4 Kd7 53.Qa7+ Kd8 54.Qg7 Rb6 55.Qxh6 Ke7 56.Qg7+ Ke8 57.g4 Rd6
58.Kg3 Nf7 59.Qg8+ Ke7 60.Qc8 Ne5 61.Qc5 Kd7 62.g5  1-0

[Event "61st ch-RUS HL w"]
[Site "Taganrog RUS"]
[Date "2011.06.26"]
[Round "9"]
[White "Balaian,Ali"]
[Black "Fominykh,M"]
[Result "1-0"]
[WhiteElo "2163"]
[BlackElo "2291"]

1.e4 d6 2.d4 Nf6 3.Nc3 e5 4.Nf3 Nbd7 5.Bc4 Be7 6.O-O O-O 7.Re1 c6 8.a4 b6
9.h3 a6 10.Ba2 Rb8 11.dxe5 dxe5 12.Nh4 Nxe4 13.Nxe4 Bxh4 14.Qh5 Be7 15.Bg5 Nf6
16.Bxf6 Bxf6 17.Rad1 Qe7 18.Nxf6+ Qxf6 19.Qxe5 Qxe5 20.Rxe5 Rb7 21.Rd6 Rc7
22.b4 g6 23.g4 Kg7 24.f4 h5 25.gxh5 Bxh3 26.a5 bxa5 27.Rxa5 Bg4 28.Rxa6 Bxh5
29.Raxc6 Re7 30.Rd2 Rfe8 31.b5 Re1+ 32.Kf2 g5 33.Rc5 f6 34.fxg5 fxg5 35.Rxg5+ Bg6
36.Rd7+ R1e7 37.Rxe7+ Rxe7 38.Rc5 Rb7 39.Bd5 Rb8 40.c4 Be8 41.Ke3 Kf6 42.Kd4 Bd7
43.Bc6 Bf5 44.Kc3 Bg6 45.Kb4 Ke6 46.Bd5+ Kd7 47.Ka5 Bd3 48.Bc6+ Ke7 49.Ka6 Bf1
50.Bd5 Bh3 51.b6 Bd7 52.Rc7 Kd6 53.Bf3 Rf8 54.c5+ Ke5 55.Rxd7 Rxf3 56.b7  1-0

[Event "XIX Open A"]
[Site "Montcada i Reixac ESP"]
[Date "2011.06.27"]
[Round "3"]
[White "Cruz,Cr"]
[Black "Almeida Quintana,O"]
[Result "1-0"]
[WhiteElo "2477"]
[BlackElo "2555"]

1.d4 d6 2.e4 Nf6 3.Nc3 c6 4.f4 Qb6 5.Nf3 Bg4 6.Be2 Bxf3 7.Bxf3 e5 8.Ne2 Nbd7
9.O-O h5 10.Kh1 g6 11.b3 exd4 12.Bb2 Bg7 13.Bxd4 Qc7 14.c4 O-O 15.Qc2 Rfe8
16.Rad1 Re7 17.Nc3 Rae8 18.c5 dxc5 19.Bxf6 Bxf6 20.e5 Bg7 21.Ne4 b6 22.Rd6 Nxe5
23.fxe5 Bxe5 24.Nf6+ Bxf6 25.Rxf6 Re1 26.Bd1 R8e6 27.Qf2 Rxf6 28.Qxe1 Rxf1+
29.Qxf1 b5 30.Bf3 a5 31.Qe2 Qf4 32.g3 Qc1+ 33.Kg2 c4 34.bxc4 bxc4 35.Bxc6 c3
36.Bd5 Qb2 37.Qxb2 cxb2 38.Be4 Kg7 39.Kf3 Kf6 40.h4 Ke5 41.Ke3 f6 42.a4 g5
43.Bb1 Kd5 44.Kd3 Ke5 45.Ke3 Kd5 46.Kd3 Ke5 47.Kc3 gxh4 48.gxh4 Kf4 49.Kxb2 Kg4
50.Kc3 Kxh4 51.Kd4 Kg4 52.Ke3 Kg3 53.Be4 h4 54.Bf3 f5 55.Ba8 Kg4 56.Bb7 Kg3
57.Bf3 h3 58.Bb7 h2 59.Bf3 f4+ 60.Ke4 Kf2 61.Kxf4 Kg1 62.Ke5  1-0

[Event "19th Albena Open"]
[Site "Albena BUL"]
[Date "2011.06.28"]
[Round "4.4"]
[White "Sanduleac,V"]
[Black "Delchev,A"]
[Result "1/2-1/2"]
[WhiteElo "2424"]
[BlackElo "2619"]

1.e4 d6 2.d4 Nf6 3.Nc3 e5 4.dxe5 dxe5 5.Qxd8+ Kxd8 6.Bc4 Bb4 7.Bd2 Ke7 8.Nf3 Nbd7
9.Nd5+ Nxd5 10.Bxd5 Bxd2+ 11.Nxd2 c6 12.Bc4 Nb6 13.Bb3 a5 14.a4 Rd8 15.O-O-O f6
16.Nc4 Rxd1+ 17.Rxd1 Nd7 18.f3 Nc5 19.Nb6 Rb8 20.Bc4 Nd7 21.Nxd7 Bxd7 22.b3 g5
23.Kd2 h5 24.Ke3 h4 25.g4 hxg3 26.hxg3 Rh8 27.g4 Rh3 28.Bf1 Rh2 29.Be2 Kd8
30.c3 Kc7 31.b4 b6 32.bxa5 bxa5 33.c4 c5 34.Ra1 Rh8 35.Kd2 Bc6 36.Kc3 Kd6
37.Kd2 Ke7 38.Kc3 Rh3 39.Kd2 Rh2 40.Ke3 Rh8 41.Kd2 Rb8 42.Kc3 Rb4 43.Bd1 Rb8
44.Be2 Rd8 45.Rh1 Bxa4 46.Ra1 Bc6 47.Rxa5 Kd6 48.Ra7 Rb8 49.Bd3 Rb4 50.Rf7 Ke6
51.Rc7 Rb6 52.Ra7 Bd7 53.Bc2 Rb4 54.Ra6+ Ke7 55.Bb3 Be8 56.Bc2  1/2-1/2

[Event "TCh-TUR 2011"]
[Site "Konya TUR"]
[Date "2011.06.28"]
[Round "1"]
[White "Dzagnidze,N"]
[Black "Klinova,M"]
[Result "1-0"]
[WhiteElo "2557"]
[BlackElo "2315"]

1.d4 d6 2.e4 Nf6 3.Nc3 e5 4.dxe5 dxe5 5.Qxd8+ Kxd8 6.Bg5 Bd6 7.O-O-O Nd7
8.Bc4 Ke8 9.f4 h6 10.Bxf6 gxf6 11.Nf3 Nb6 12.fxe5 fxe5 13.Bb3 Bg4 14.Rdf1 Rh7
15.Nh4 Be7 16.Nf5 c6 17.Nd1 Bg5+ 18.Kb1 Bxf5 19.Rxf5 Nd7 20.Rhf1 f6 21.g3 Ke7
22.h4 Bd2 23.c3 h5 24.Kc2 Bh6 25.Rxh5 Nc5 26.Ne3 Rah8 27.Nf5+ Kd7 28.Re1 Kc7
29.Re2 b5 30.g4 Bf4 31.Rxh7+ Rxh7 32.h5 Rh8 33.Bf7 Rf8 34.Bg6 Rh8 35.Re1 Bg5
36.b4 Nb7 37.Ng7 Bh6 38.Ne8+  1-0

[Event "7th A Ermaka Memorial"]
[Site "Zaporizhzhia UKR"]
[Date "2011.06.28"]
[Round "5.11"]
[White "Ozerov,A"]
[Black "Kazakov,Maksym"]
[Result "1-0"]
[WhiteElo "2248"]
[BlackElo "1931"]

1.e4 d6 2.d4 Nf6 3.Nc3 e5 4.Nge2 Nc6 5.d5 Ne7 6.g3 g6 7.Bg2 Bg7 8.O-O O-O
9.h3 Ne8 10.Be3 f5 11.Qd2 Nf6 12.exf5 Nxf5 13.Bg5 h6 14.Bxf6 Rxf6 15.Ne4 Rf7
16.c4 b6 17.b4 a5 18.a3 Ba6 19.Rfc1 h5 20.Ng5 Bh6 21.Nxf7 Bxd2 22.Nxd8 Bxc1
23.Ne6 Bh6 24.Nxc7 Ra7 25.Nxa6 Rxa6 26.b5 Ra7 27.Nc3 Rc7 28.Bf1 Kf7 29.Ne4 Ke7
30.Bd3 h4 31.g4 Nd4 32.c5 bxc5 33.b6 Rb7 34.Rb1 Bf4 35.Ba6 Rb8 36.b7 c4 37.Bxc4 Kd7
38.Rb6 Kc7 39.Rxd6 Rxb7 40.Rxg6 Rb1+ 41.Kg2 Nc2 42.d6+ Kc6 43.Bd5+ Kb6 44.Nc3 Ra1
45.Rg8 Ne1+ 46.Kf1 Nf3+ 47.Ke2 Nd4+ 48.Kd3 Rxa3 49.d7 Bg5 50.Rxg5 Kc7 51.Kc4 Kxd7
52.Rxe5 Nc2 53.Rh5 Nb4 54.Rh7+ Kd8 55.Be6 Nc6 56.Nd5 Ra4+ 57.Kc5  1-0

[Event "3rd Eforie Open"]
[Site "Eforie Nord ROU"]
[Date "2011.06.29"]
[Round "10.5"]
[White "Ogleznev,A"]
[Black "Ionescu,I"]
[Result "1/2-1/2"]
[WhiteElo "2335"]
[BlackElo "2245"]

1.e4 d6 2.d4 Nf6 3.Nc3 e5 4.Nf3 Nbd7 5.Bc4 Be7 6.O-O O-O 7.Re1 c6 8.a4 a5
9.h3 Nb6 10.Bf1 Nfd7 11.Be3 exd4 12.Nxd4 Nc5 13.Qd2 Re8 14.Nf3 Be6 15.Bd4  1/2-1/2

[Event "TCh-TUR 2011"]
[Site "Konya TUR"]
[Date "2011.06.29"]
[Round "2"]
[White "Mamedov,Nid"]
[Black "Mchedlishvili,M"]
[Result "1-0"]
[WhiteElo "2587"]
[BlackElo "2629"]

1.e4 d6 2.d4 Nf6 3.Nc3 e5 4.Nf3 Nbd7 5.Bc4 Be7 6.O-O O-O 7.Re1 a6 8.a4 b6
9.Nd5 Bb7 10.Nxe7+ Qxe7 11.Bd3 Rfe8 12.d5 Nc5 13.Bg5 h6 14.Bh4 c6 15.c4 a5
16.Bc2 Ncd7 17.dxc6 Bxc6 18.Nd2 Qe6 19.f3 Nh5 20.b3 Nf4 21.Nf1 Ng6 22.Bf2 Nc5
23.Qd2 Red8 24.Rad1 Ne7 25.Ne3 Be8 26.h4 f6 27.g4 h5 28.Kh2 hxg4 29.fxg4 Bc6
30.Nf5 Nxf5 31.gxf5 Qf7 32.Qe2 Kf8 33.Rg1 Ke7 34.Rg6 Rh8 35.Qg4 Rh7 36.Rg1 Kf8
37.h5 Be8 38.Bh4 Ra7 39.Bd1 Nd3 40.h6 Rxh6 41.Rxh6 gxh6 42.Bg3 Ke7 43.Qf3 Nf4
44.Bxf4 exf4 45.Qxf4 Qf8 46.Qe3 Rb7 47.Bf3 Rb8 48.Rg3 h5 49.Qg1 Qh6 50.Rg8 Qd2+
51.Kh3 Qd3 52.Qg3 Qxb3 53.Rg7+  1-0

[Event "Kheireddine Ameyar Memorial"]
[Site "Tipaza ALG"]
[Date "2011.06.29"]
[Round "8"]
[White "Sebaihi,F"]
[Black "Belouadah,S"]
[Result "0-1"]
[WhiteElo "2079"]
[BlackElo "2326"]

1.e4 d6 2.d4 Nf6 3.Nc3 e5 4.Nf3 Nbd7 5.Be2 c6 6.O-O Be7 7.Re1 O-O 8.a4 a5
9.h3 Re8 10.Bc4 h6 11.Bb3 exd4 12.Qxd4 Nc5 13.Bc4 Ne6 14.Qd3 Nd7 15.Ba2 Bf8
16.Be3 b6 17.Nd4 Ne5 18.Qd2 Ba6 19.f4 Nxd4 20.Qxd4 Nd7 21.Bf2 Nc5 22.Rad1 Qe7
23.Qd2 Rad8 24.Bd4 Kh7 25.Qf2 Rb8 26.Qf3 Bc8 27.Qh5 g6 28.Qf3 Ne6 29.Be3 Bg7
30.Qf2 Nc5 31.Bd4 Be6 32.Nd5 Qf8 33.f5 cxd5 34.fxe6 Bxd4 35.Qxd4 fxe6 36.exd5 e5
37.Qg4 Qf5 38.Qc4 Rf8 39.Rf1 Qd7 40.Bb3 Kg7 41.c3 Rxf1+ 42.Rxf1 b5 43.axb5 Qxb5
44.Qh4 Qd7 45.Qf6+ Kh7 46.Bc2 e4 47.b4 axb4 48.cxb4 Rxb4 49.Qf8 Rb7 50.Rf6 Qe7
51.Qxe7+ Rxe7 52.Rxd6 Kg7 53.Kf2 Nd3+ 54.Ke3 Ne1 55.Bxe4 Nxg2+ 56.Kf3 Nh4+
57.Kf4 g5+ 58.Kg4 Rxe4+ 59.Kh5 Nf5 60.Rd7+ Kf6  0-1

[Event "TCh-TUR 2011"]
[Site "Konya TUR"]
[Date "2011.06.30"]
[Round "3"]
[White "Okus,M"]
[Black "Yilmaz,M"]
[Result "0-1"]
[WhiteElo "1893"]
[BlackElo "2489"]

1.e4 d6 2.d4 Nf6 3.Nc3 e5 4.dxe5 dxe5 5.Qxd8+ Kxd8 6.Bg5 Be6 7.O-O-O+ Nd7
8.Nf3 Kc8 9.Bb5 c6 10.Be2 Bb4 11.Nd2 Nc5 12.Bxf6 gxf6 13.a3 Bxc3 14.bxc3 Kc7
15.h3 Rag8 16.g4 Rd8 17.c4 Rd6 18.f4 exf4 19.Rhf1 Na4 20.Nb1 Rxd1+ 21.Kxd1 Kd6
22.Rxf4 Ke7 23.Kc1 Rd8 24.c3 a6 25.Kc2 b5 26.Nd2 Nb6 27.cxb5 axb5 28.Nf3 Nd7
29.Nd4 Kd6 30.Rf1 Ra8 31.Kb2 Ra6 32.Nxe6 fxe6 33.Rd1+ Ke7 34.c4 bxc4 35.Bxc4 Rb6+
36.Kc2 Nc5 37.Re1 Kd6 38.h4 Ke5 39.g5 fxg5 40.hxg5 Rb7 41.Rg1 Rg7 42.Bd3 Ra7
43.Ra1 Kd4 44.Bf1 Nxe4 45.a4 Ra5 46.Kb3 Rxg5 47.a5 Nd2+ 48.Kb4 c5+ 49.Kb5 c4+
50.Kb6 Nxf1 51.Rxf1 c3 52.a6 c2 53.a7 Rg8  0-1

[Event "XIX Open A"]
[Site "Montcada i Reixac ESP"]
[Date "2011.06.30"]
[Round "6"]
[White "Martinez Ramirez,E"]
[Black "Cuenca Jimenez,J"]
[Result "1/2-1/2"]
[WhiteElo "2206"]
[BlackElo "2493"]

1.e4 d6 2.d4 Nf6 3.Nc3 e5 4.dxe5 dxe5 5.Qxd8+ Kxd8 6.Bc4 Bb4 7.Bxf7 Rf8 8.Bb3 Nxe4
9.Ne2 Nxf2 10.Rf1 Ng4 11.Bg5+ Ke8 12.O-O-O Rxf1 13.Rxf1 h6 14.Nd5 Bd6 15.Be7 Bxe7
16.Nxc7+ Kd8 17.Nxa8  1/2-1/2

[Event "6th Dvorkovich Cup"]
[Site "Moscow RUS"]
[Date "2011.06.30"]
[Round "8.7"]
[White "Bortnik,A"]
[Black "Nikologorskiy,K"]
[Result "1-0"]
[WhiteElo "2327"]
[BlackElo "2260"]

1.e4 d6 2.d4 Nf6 3.Nc3 e5 4.Nf3 Nbd7 5.Bc4 Be7 6.O-O O-O 7.a4 c6 8.h3 h6
9.Re1 Re8 10.a5 Bf8 11.d5 Qc7 12.Nh4 cxd5 13.Bxd5 Nxd5 14.Nxd5 Qd8 15.Nf5 Nf6
16.Re3 Be6 17.Nxf6+ Qxf6 18.Ng3 Red8 19.Rd3 Rd7 20.b3 g6 21.c4 Qd8 22.f4 exf4
23.Bxf4 Bg7 24.Ra2 Be5 25.Bxe5 dxe5 26.Rxd7 Qxd7 27.Qxd7 Bxd7 28.Rd2 Bc6
29.Kf2 Kf8 30.Ke3 Ke7 31.Ne2 f5 32.Nc3 Rf8 33.b4 a6 34.b5 axb5 35.cxb5 Bd7
36.Nd5+ Kf7 37.a6 bxa6 38.bxa6 Bc6 39.Rc2 Ba8 40.a7 Rd8 41.Rc7+ Ke6 42.Rg7 Bxd5
43.exd5+ Kxd5 44.Rd7+  1-0

[Event "Nova College Chess Tournament"]
[Site "Haarlem NED"]
[Date "2011.07.01"]
[Round "1"]
[White "Vroombout,E"]
[Black "Haslinger,S"]
[Result "0-1"]
[WhiteElo "2175"]
[BlackElo "2548"]

1.e4 d6 2.d4 Nf6 3.Nc3 e5 4.Nge2 c6 5.g3 Nbd7 6.Bg2 b5 7.a3 Bb7 8.O-O a5
9.b3 Be7 10.Bb2 O-O 11.h3 h5 12.Qd2 Re8 13.f4 Qc7 14.Rae1 Rad8 15.Kh1 Bf8
16.dxe5 dxe5 17.f5 b4 18.axb4 axb4 19.Nd1 Nc5 20.Qg5 Ncxe4 21.Bxe4 Nxe4 22.Qxh5 Rd2
23.Qh4 c5  0-1

[Event "19th Albena Open"]
[Site "Albena BUL"]
[Date "2011.07.02"]
[Round "8.13"]
[White "Carlsson,P"]
[Black "Voiska,M"]
[Result "1-0"]
[WhiteElo "2497"]
[BlackElo "2300"]

1.e4 d6 2.d4 Nf6 3.Nc3 e5 4.Nf3 exd4 5.Nxd4 Be7 6.g3 d5 7.e5 Ne4 8.Nxe4 dxe4
9.Bg2 Qd5 10.O-O Qxe5 11.Bf4 Qa5 12.Nb3 Qb6 13.Bxe4 O-O 14.Re1 Be6 15.Qh5 g6
16.Qf3 Nc6 17.Bxc6 bxc6 18.Bh6 Rfe8 19.Qc3 Bf8 20.Bxf8 Rxf8 21.Nc5 Rad8 22.Re3 Bd5
23.Re7 Qb8 24.Nd7 Rxd7 25.Rxd7 Re8 26.Rd1 Qc8 27.R1xd5 cxd5 28.Qxc7 Qa6 29.Rd8 Qe6
30.Rxe8+ Qxe8 31.Qc3 Qa4 32.a3 h5 33.h4 Qg4 34.Qd2 Qe4 35.Qd3 Qe5 36.c3 g5
37.Qe3  1-0

[Event "ch-BEL Open"]
[Site "Antwerp BEL"]
[Date "2011.07.02"]
[Round "1.12"]
[White "Leenaerts,R"]
[Black "Lenoir,Au"]
[Result "1-0"]
[WhiteElo "2186"]
[BlackElo "1799"]

1.e4 d6 2.d4 Nf6 3.Nc3 Nbd7 4.f4 e5 5.Nf3 c6 6.Be2 Qc7 7.O-O Be7 8.Kh1 h6
9.a4 O-O 10.Qe1 Re8 11.fxe5 dxe5 12.dxe5 Nxe5 13.Nxe5 Qxe5 14.Bf4 Qc5 15.e5 Nh7
16.Bd3 Nf8 17.Qg3 Kh8 18.Be3 Qb4 19.Rxf7 Ne6 20.Qg6  1-0

[Event "ch-BEL Open"]
[Site "Antwerp BEL"]
[Date "2011.07.02"]
[Round "1.18"]
[White "Roos,Ad"]
[Black "Saligo,La"]
[Result "1-0"]
[WhiteElo "2123"]
[BlackElo "1772"]

1.d4 d6 2.e4 Nf6 3.Nc3 Nbd7 4.g4 h6 5.h3 e5 6.Nge2 Be7 7.Be3 c6 8.a4 Qc7
9.Bg2 g5 10.Ng3 Nf8 11.Nf5 Ng6 12.a5 Nf4 13.Bf3 Be6 14.Ng7+ Kf8 15.Nf5 Bc4
16.Qd2 Ne8 17.Nxe7 Qxe7 18.dxe5 dxe5 19.Na4 Kg7 20.Qc3 Bb5 21.Nc5 Nd6 22.b3 b6
23.Na4 Bxa4 24.Rxa4 c5 25.Bxf4 gxf4 26.Qd3 Rhd8 27.Qe2 b5 28.Ra1 a6 29.h4 f6
30.Kf1 Nb7 31.Kg2 Qc7 32.g5 hxg5 33.hxg5 Rh8 34.Bh5 Qc6 35.Rag1 Nd6 36.Kf1 Qxe4
37.gxf6+ Kxf6 38.Qg4 Rag8 39.Qh4+ Ke6 40.Bg4+ Kd5 41.Qe7 Qxc2 42.Qe6+ Kc6
43.Qd7+ Kd5 44.Be6+ Ke4 45.Qc6+ Kd4 46.Qxd6+  1-0

[Event "2nd Borloy Mem FSGM"]
[Site "Budapest HUN"]
[Date "2011.07.02"]
[Round "1.3"]
[White "Mihok,O"]
[Black "Lorscheid,G"]
[Result "1-0"]
[WhiteElo "2457"]
[BlackElo "2265"]

1.e4 d6 2.d4 Nf6 3.Nc3 e5 4.Nf3 Nbd7 5.Bc4 Be7 6.O-O O-O 7.Re1 a6 8.a4 b6
9.h3 c6 10.d5 c5 11.Rb1 Nh5 12.Bf1 g6 13.b4 Ng7 14.Nd2 Bg5 15.Nc4 Bxc1 16.Qxc1 Ne8
17.bxc5 bxc5 18.a5 f5 19.exf5 gxf5 20.f4 Ra7 21.Na4 e4 22.Nab6 Ndf6 23.Rb3 Rg7
24.Nxc8 Qxc8 25.Qd2 Qd8 26.Be2 Nc7 27.Ne3 Nd7 28.Rb7 Qc8 29.Rb3 Qd8 30.Rf1 Kh8
31.Qc3 Nf6 32.Nxf5 Ncxd5 33.Qa1 Ra7 34.g4 Qd7 35.c4 Nb4 36.Rd1  1-0

[Event "19th Klatovy Open"]
[Site "Klatovy CZE"]
[Date "2011.07.02"]
[Round "1"]
[White "Malek,Martin"]
[Black "Neuman,P"]
[Result "0-1"]
[WhiteElo "2025"]
[BlackElo "2454"]

1.e4 d6 2.d4 Nf6 3.Nc3 e5 4.dxe5 dxe5 5.Qxd8+ Kxd8 6.Bc4 Be6 7.Bxe6 fxe6
8.Bg5 Bd6 9.O-O-O Ke7 10.Nf3 a6 11.a4 Nc6 12.Bh4 h6 13.h3 g5 14.Bg3 Nh5 15.Ne2 b5
16.axb5 axb5 17.c3 Nxg3 18.Nxg3 b4 19.Rd3 Rhb8 20.Kc2 b3+ 21.Kd2 Na5 22.Rb1 Nc4+
23.Kc1 Bc5 24.Nd2 Nxd2 25.Rxd2 Rf8 26.Nh1 Rf4 27.Re2 g4 28.g3 Rf3 29.hxg4 Kf6
30.Kd2 Kg5 31.Ke1 Kxg4 32.Rd2 Raf8 33.Ra1 Bb6 34.Kf1 Kh3 35.Kg1 h5 36.Ra3 h4
37.gxh4 Rg8+ 38.Kf1 Rf4 39.Rxb3 Kh2 40.c4 Rg1+ 41.Ke2 Rxh1 42.f3 Kg3 43.Rb5 Bd4
44.c5 Rxf3  0-1

[Event "TCh-TUR 2011"]
[Site "Konya TUR"]
[Date "2011.07.02"]
[Round "5"]
[White "Kanli,K"]
[Black "Yilmaz,M"]
[Result "1-0"]
[WhiteElo "1919"]
[BlackElo "2489"]

1.e4 d6 2.d4 Nf6 3.Nc3 e5 4.dxe5 dxe5 5.Qxd8+ Kxd8 6.Bc4 Ke8 7.Nf3 Bd6 8.Bg5 Nbd7
9.O-O-O a6 10.a4 h6 11.Bh4 g6 12.Rhe1 Kf8 13.Nd5 Nxd5 14.Bxd5 Kg7 15.Nd2 Rb8
16.Nc4 Bc5 17.Ne3 Re8 18.Bb3 b5 19.axb5 axb5 20.f3 Bf8 21.Re2 Nc5 22.Ba2 Ra8
23.Kb1 c6 24.c3 Ra4 25.Bf2 Ne6 26.Red2 Re7 27.Nc2 Rc7 28.Bg3 f6 29.Bf2 Ra8
30.Be3 Be7 31.Nb4 Nc5 32.Bxc5 Bxc5 33.Rd8 Bf8 34.Be6 h5 35.Bxc8 Rcxc8 36.Nxc6 h4
37.Rxc8 Rxc8 38.Na5 Kf7 39.Rd5 b4 40.c4 Ke6 41.Kc2 Bc5 42.Kb3 f5 43.Nb7 Be7
44.c5 g5 45.Nd6 Rd8 46.Kxb4 g4 47.Kc4 fxe4 48.fxe4 Ra8 49.Rd2 Bg5 50.Re2 Ra1
51.b4 Rc1+ 52.Kb3 h3 53.Nc4 Bf4 54.gxh3 gxh3 55.b5 Rb1+ 56.Ka4 Kd7 57.Nb6+ Kd8
58.Nd5 Kd7 59.c6+ Kd6 60.Rc2 Ra1+ 61.Kb4 Rb1+ 62.Ka5 Be3 63.Nxe3 Kc7 64.b6+ Kc8
65.b7+ Kc7 66.Nd5+ Kd6 67.Ka6  1-0

[Event "86th ch-Paris IdF"]
[Site "Paris FRA"]
[Date "2011.07.02"]
[Round "1.5"]
[White "Guliyev,N"]
[Black "Manouck,T"]
[Result "1-0"]
[WhiteElo "2549"]
[BlackElo "2329"]

1.e4 d6 2.d4 Nf6 3.Nc3 Nbd7 4.g4 h6 5.Bg2 e5 6.h3 c6 7.Nge2 Be7 8.Ng3 Nf8
9.Nf5 Bxf5 10.exf5 N8d7 11.dxe5 dxe5 12.Qe2 Bb4 13.Bd2 Qe7 14.a3 Bxc3 15.Bxc3 Nd5
16.Bxd5 cxd5 17.O-O-O d4 18.Bb4 Qg5+ 19.Kb1 Nb6 20.Qxe5+  1-0